| 000 | 00989nas a2200313 4500 | ||
|---|---|---|---|
| 001 | BR2012000691 | ||
| 003 | BR-BrBNA | ||
| 005 | 20231205120105.0 | ||
| 007 | ta | ||
| 008 | 230509b bl.|||p| |||| 00| 00por d | ||
| 040 |
_aBR-BrBNA _bpor _cBiblioteca Nacional de Agricultura |
||
| 041 | _a(Pt) | ||
| 072 | _aL73 | ||
| 100 | 1 | _aAmaral, C.D.P. do | |
| 100 | 1 | _aPereira, D.I.B. | |
| 100 | 1 | _aMeireles, M.C.A. | |
| 245 | 1 | _aCaracterização da microbiota por fungos filamentosos no tegumento hígido de bovinos de corte | |
| 246 | 1 | _aCharacterization of filamentous fungal flora from the integument of healthy cattle | |
| 650 | _aBOVINO | ||
| 650 | _aGADO DE CORTE | ||
| 650 | _aTEGUMENTO | ||
| 650 | _aDERMATOFITOSE | ||
| 650 | _aFUSARIUM | ||
| 650 | _aTRICHOPHYTON | ||
| 650 | _aMICROSPORUM | ||
| 773 | 0 |
_tCiência Rural (Brazil) _xISSN 0103-8478 _g(Dec 2011), v. 41(12) p. 2137-2142 _wBR2012000691 |
|
| 909 |
_a202311 _bLúcia _c55 _dLúcia Elande |
||
| 942 |
_2AGRIS _n0 _cANA |
||
| 999 |
_c217017 _d217017 |
||